| 000 | 01087nam a2200277 a 4500 | ||
|---|---|---|---|
| 001 | 000017766 | ||
| 005 | 20240305102017.0 | ||
| 008 | 100331s1972 dr 001 0 spa d | ||
| 040 |
_aDO-SdBNP _bspa _cBNPHU |
||
| 082 |
_a917.293 _bL333t |
||
| 100 | 1 |
_aLarrazábal Blanco, Carlos, _d1894-1989 _921363 |
|
| 245 | 1 | 0 |
_aToponimia / _cCarlos Larrazábal Blanco ; presentación Emilio Rodríguez Demorizi. |
| 260 |
_aSanto Domingo : _bDel Caribe, _c1972. |
||
| 300 |
_a81 p. ; _c24 cm. |
||
| 490 | 1 |
_aSociedad Dominicana de Geografía _v4 |
|
| 490 | 1 |
_aBiblioteca Dominicana de Geografía y Viajes _v3 |
|
| 504 | _aIncluye bibliografía y notas al pie de páginas. | ||
| 504 | _aBibliografía: p. 79-81. | ||
| 650 | 4 |
_aToponimia _zRepública Dominicana _938640 |
|
| 650 | 4 |
_aGeografía _xTerminología _zRepública Dominicana _938641 |
|
| 700 | 1 |
_aRodríguez Demorizi, Emilio, _d1908-1986 _91039 |
|
| 830 | 0 |
_aSociedad Dominicana de Geografía _v4 _931910 |
|
| 830 | 0 |
_aBiblioteca Dominicana de Geografía y Viajes _v3 _938642 |
|
| 910 | _aValidado. Control de calidad EMS | ||
| 049 | _aBNPD | ||
| 999 |
_c17291 _d17291 |
||